000 00592nam a2200157 a 4500
001 000029631
005 20200930055705.0
008 110419s20uu dr 000 0 spa d
040 _aDO-SdBNP
_bspa
_cBNPHU
245 0 0 _aGuía para la elaboración y uso de bloques multinutricionales en alimentación de rumiantes /
_cVíctor Rodríguez... [et.al].
260 _aSanto Domingo :
_bIDIAF,
_c[200?].
_fEditora Centenario
300 _a46 p. ;
_c28 cm.
700 1 _aRodríguez, Víctor
_956443
710 2 _aInstituto Dominicano de Investigaciones Agropecuarias y Forestales
_9299
049 _aBNPD
999 _c29123
_d29123